000 00463nam a22001577a 4500
999 _c6620
_d6620
008 150928b xxu||||| |||| 00| 0 eng d
020 _a0446516376
050 _aREF HB 61 .F67 1993
100 _d 1993
245 _aThe Fortune Enyclopedia of Economics/
260 _aNew York:
_bTime, Inc.
_c 1993.
300 _axx, 876p.
_bincludes index
650 _aEconomics
700 _aHenderson David R.
942 _2lcc
_cREF_BOOK
_hREF HB 61 .F67 1993